000 01029nam a2200301 i 4500
003 DO-SdBNP
005 20241011105611.0
007 ta
008 241011b2016 pr ||||| |||| 00| 0 spa d
020 _a9789945581812
040 _aDO-SdBNP
_bspa
_cBNPHU
_erda
082 4 _222
100 1 _aSantiago Torres, Alinaluz.
_d1956
_eautor
_4aut.
_986670
245 1 0 _aLlegaron en guagua /
_cAlinaliuz Santiago Torres ; corrección, Olga Marta Pérez
264 4 _aPuerto Rico:
_bEditora Isla Negra
_bEditorial EPD University,
_c2016.
300 _a93 páginas ;
_c22 cm.
336 _atexto
_btxt
_2rdacontent
337 _asin mediación
_bn
_2rdamedia
338 _avolumen
_bnc
_2rdacarrier
490 1 _aEl rostro y la máscara
500 _aIncluye datos biográficos del autor en la solapa de la cubierta
590 _aInventariado, 2024/BT
650 4 _aCuentos dominicanos
_914827
650 4 _aLiteratura dominicana
700 1 _aPérez, Olga Marta,
_ecorrección
_4co.
_922707
910 _aBtavárez
942 _2ddc
_cLBS1
999 _c57830
_d57830